00321nam a22001097a 4500008004100000082001600041100002000057245007500077260003700152300000900189440001300198230620b xxu||||| |||| 00| 0 eng d a320.96bOJW cC.Ojwando Abuor aWhite Highlands No MorebA modern political history of kenyacVolume 1 aNairobibPAN African Researchers a440p vvolume 1